[Event "Titled Tuesday intern op 22nd Nov Early"]
[Site "Chess.com INT"]
[Date "2022.11.22"]
[Round "7"]
[White "Bilych, Olexiy"]
[Black "Sharifov, Mekhriddin"]
[Result "0-1"]
[WhiteElo "2429"]
[BlackElo "2209"]
[PlyCount "206"]
[EventDate "2022.11.22"]
[EventType "swiss (blitz)"]
[EventRounds "11"]
[EventCountry "USA"]
[SourceTitle "CBM 211 Extra"]
[Source "ChessBase"]
[SourceDate "2023.01.31"]
[SourceVersion "1"]
[SourceVersionDate "2023.01.31"]
[SourceQuality "1"]

1. e4 c5 2. Nf3 d6 3. d4 cxd4 4. Nxd4 Nf6 5. Nc3 a6 6. Bg5 Nbd7 7. Bc4 Qb6 8. 0-0 e6 9. Qd2 Be7 10. Bb3 Nc5 11. Rfe1 0-0 12. Rad1 Qc7 13. Nf3 Rd8 14. Bf4 b5 15. e5 dxe5 16. Bxe5 Rxd2 17. Bxc7 Rxd1 18. Rxd1 Bb7 19. Ne5 Rc8 20. Bd6 Bxd6 21. Rxd6 b4 22. Na4 Nxb3 23. axb3 g6 24. Nc4 Be4 25. c3 Bc2 26. Nd2 bxc3 27. bxc3 Rb8 28. Nc5 a5 29. c4 Rc8 30. Na4 Rb8 31. Rb6 Rd8 32. Nf1 Rd1 33. Nc3 Ra1 34. Rd6 Bxb3 35. c5 Bc4 36. Rd1 Rxd1 37. Nxd1 Bb5 38. Nc3 Bc6 39. Ne3 Nd7 40. Nc4 Nxc5 41. Nxa5 Bd5 42. Nxd5 exd5 43. Kf1 Kg7 44. Ke2 Kf6 45. Ke3 Ke6 46. Kd4 Kd6 47. f3 g5 48. g3 h5 49. h4 f6 50. Ke3 Kc7 51. Kd4 Kd6 52. Ke3 gxh4 53. gxh4 Kc7 54. Kd4 Kd6 55. Ke3 Ne6 56. f4 d4+ 57. Ke4 f5+ 58. Kxf5 d3 59. Nc4+ Kd5 60. Nd2 Nd4+ 61. Kg5 Ne6+ 62. Kf5 Nd4+ 63. Kf6 Ne2 64. f5 Kd4 65. Kg7 Ke3 66. Nb3 Ng3 67. f6 Nf5+ 68. Kh7 Nd6 69. Kg8 Kf4 70. f7 Nxf7 71. Kxf7 Kg4 72. Kf6 Kxh4 73. Kf5 Kg3 74. Nd2 h4 75. Ne4+ Kg2 76. Kf4 h3 77. Ke3 h2 78. Nf2 d2 79. Ke2 d1Q+ 80. Nxd1 h1Q 81. Ne3+ Kg3 82. Kd3 Kf4 83. Nc2 Qe4+ 84. Kc3 Qc6+ 85. Kd3 Ke5 86. Ne3 Qb5+ 87. Kc3 Qc5+ 88. Kd3 Qb5+ 89. Kc3 Ke4 90. Nc2 Qd3+ 91. Kb2 Qb5+ 92. Kc3 Qc5+ 93. Kd2 Qc4 94. Ne1 Qb4+ 95. Ke2 Qb2+ 96. Kd1 Kd4 97. Nf3+ Kc3 98. Ke1 Qg2 99. Ne5 Qd2+ 100. Kf1 Qf4+ 101. Kg2 Qxe5 102. Kf3 Kd4 103. Kf2 Qe3+ 0-1

[Event "Titled Tuesday intern op 22nd Nov Early"]
[Site "Chess.com INT"]
[Date "2022.11.22"]
[Round "9"]
[White "Harsh, Suresh"]
[Black "Sharifov, Mekhriddin"]
[Result "1-0"]
[WhiteElo "2280"]
[BlackElo "2209"]
[PlyCount "73"]
[EventDate "2022.11.22"]
[EventType "swiss (blitz)"]
[EventRounds "11"]
[EventCountry "USA"]
[SourceTitle "CBM 211 Extra"]
[Source "ChessBase"]
[SourceDate "2023.01.31"]
[SourceVersion "1"]
[SourceVersionDate "2023.01.31"]
[SourceQuality "1"]

1. d4 Nf6 2. Nf3 e6 3. Bf4 b5 4. e3 b4 5. h3 Bb7 6. Bd3 Be7 7. 0-0 0-0 8. a3 a5 9. a4 d5 10. Nbd2 c5 11. dxc5 Nbd7 12. Nb3 Nxc5 13. Nxc5 Bxc5 14. Qe2 Qb6 15. Rfd1 Ba6 16. Nd2 Rfc8 17. Nb3 Be7 18. Be5 Rc6 19. Bb5 Rac8 20. Bd4 Qb7 21. Nxa5 Rxc2 22. Nxb7 Rxe2 23. Bxa6 Rec2 24. Bd3 R2c7 25. Na5 Nd7 26. f4 f6 27. e4 e5 28. fxe5 fxe5 29. Bf2 d4 30. Nb3 Rf8 31. Rdc1 Ra7 32. a5 Bg5 33. Rc2 Nf6 34. a6 Nh5 35. g3 Raf7 36. a7 Ra8 37. Bc4 1-0

[Event "Titled Tuesday intern op 22nd Nov Early"]
[Site "Chess.com INT"]
[Date "2022.11.22"]
[Round "4"]
[White "Sharifov, Mekhriddin"]
[Black "Hoffmann, Asa"]
[Result "1-0"]
[WhiteElo "2209"]
[BlackElo "2185"]
[PlyCount "73"]
[EventDate "2022.11.22"]
[EventType "swiss (blitz)"]
[EventRounds "11"]
[EventCountry "USA"]
[SourceTitle "CBM 211 Extra"]
[Source "ChessBase"]
[SourceDate "2023.01.31"]
[SourceVersion "1"]
[SourceVersionDate "2023.01.31"]
[SourceQuality "1"]

1. e4 d6 2. d4 Nf6 3. Nc3 c6 4. h3 Qa5 5. Bd3 e5 6. Nf3 Nbd7 7. 0-0 Be7 8. a4 0-0 9. Re1 Re8 10. Bc4 h6 11. Be3 Qc7 12. a5 Bf8 13. d5 Nc5 14. Nd2 cxd5 15. Bxd5 Be6 16. b4 Bxd5 17. Nxd5 Nxd5 18. exd5 Nd7 19. c4 f5 20. f3 Be7 21. Qb3 Kh8 22. Rac1 b6 23. a6 Rac8 24. Nb1 Nf6 25. Na3 Qd7 26. Nb5 Nxd5 27. Rcd1 Nxe3 28. Rxe3 Qe6 29. Rd5 Red8 30. Nxa7 Ra8 31. Nc6 Rxa6 32. Nxd8 Ra1+ 33. Kh2 Bxd8 34. Qb2 Rf1 35. Qe2 Rb1 36. Qd3 Rb2 37. Rxd6 1-0

[Event "SCO National Online"]
[Site "Chess.com INT"]
[Date "2022.11.19"]
[Round "1"]
[White "Kobalia, Mihail"]
[Black "Sharifov, Mekhriddin"]
[Result "1/2-1/2"]
[WhiteElo "2577"]
[BlackElo "2209"]
[PlyCount "149"]
[EventDate "2022.11.19"]
[EventType "team-swiss (rapid)"]
[EventRounds "9"]
[EventCountry "USA"]
[SourceTitle "CBM 211 Extra"]
[Source "ChessBase"]
[SourceDate "2023.01.31"]
[SourceVersion "1"]
[SourceVersionDate "2023.01.31"]
[SourceQuality "1"]
[WhiteTeam "Russia"]
[BlackTeam "Tajikistan"]
[WhiteTeamCountry "RUS"]
[BlackTeamCountry "TJK"]

1. e4 c5 2. Nf3 d6 3. Bb5+ Nd7 4. 0-0 a6 5. Bd3 Ngf6 6. Re1 e6 7. c3 b5 8. Bc2 Bb7 9. d4 Be7 10. Nbd2 Qc7 11. Nf1 0-0 12. Ng3 Rfc8 13. Bd3 Bf8 14. h3 b4 15. cxb4 cxd4 16. Nxd4 Ne5 17. Bf1 d5 18. f4 Bxb4 19. fxe5 Qxe5 20. Re3 dxe4 21. Rb3 Bc5 22. Nge2 Bc6 23. Bf4 Qh5 24. Rc3 Bb5 25. g4 Qg6 26. Kh1 Nd5 27. Nxb5 axb5 28. Rb3 Rd8 29. Qe1 Nxf4 30. Nxf4 Qf6 31. Nh5 Qd4 32. Bg2 f5 33. Rxb5 Rab8 34. Rxb8 Rxb8 35. b3 Qe5 36. Rc1 Bd6 37. Qg1 g6 38. gxf5 gxh5 39. Bxe4+ Kh8 40. Bf3 Rg8 41. Qf2 Qxf5 42. Qf1 Bc5 43. Bg2 Qg5 44. Re1 e5 45. Qf3 Bd4 46. Rf1 e4 47. Qxe4 Be5 48. Qf3 Qd2 49. a4 h4 50. Rd1 Qc2 51. Re1 Qb2 52. a5 Bc3 53. Rf1 Bxa5 54. Qf6+ Qxf6 55. Rxf6 Rb8 56. Bd5 Kg7 57. Rf4 Be1 58. Re4 Bb4 59. Kg2 Rb5 60. Be6 Be7 61. Kf3 Kf6 62. Bc4 Re5 63. Rd4 Kg5 64. Rg4+ Kh5 65. b4 Rf5+ 66. Ke4 Rg5 67. Bf1 Rxg4+ 68. hxg4+ Kxg4 69. Ke3 Kg3 70. Bc4 Bxb4 71. Bd5 h3 72. Ke2 Bc5 73. Kf1 h5 74. Bc6 h4 75. Bd5 1/2-1/2